Where Were These Photos Taken? - Statistics

General Stats
  • This quiz has been taken 30 times
  • The average score is 8 of 16
Answer Stats
Picture Answer % Correct
The Moon (1969)
89%
Yalta, Crimea (1944)
79%
Cape Town, South Africa (1998, rememberance of 1964-1982)
75%
LA, California, USA (2010)
75%
Mt Everest, Nepal (1953)
64%
Beerwah, Queensland, Australia (c. early 2000s)
54%
New Zealand (cca 1999-2003)
54%
Berlin, Germany (2002)
50%
La Plata, Argentina (2023)
46%
Amsterdam, Netherlands (1969)
39%
Saint-Loup-de-Varennes, France (1826/1827)
39%
Havana, Cuba (2016)
32%
Portofino, Italy (1997)
32%
South Korea (1954)
21%
Kigali, Rwanda (rememberance of 1994)
7%
Solomon Islands (2012)
4%
No matching quizzes found
Score Distribution
Percent of People with Each Score
Percentile by Number Answered
Your Score History
You have not taken this quiz